000 00424nam a2200157Ia 4500
005 20250702023440.0
008 240331s9999 xx 000 0 und d
020 _a9552008433
082 _bPER
_a392
100 _aPerera,Y.D
245 0 _aMalwara siritha
260 _aColombo
_bS. Godage & Brothers
_c1993
300 _a112 p .,
500 _aAn anthropological analysis of puberty rituals and gateway rituals
942 _cL
999 _c5126
_d5126